[Event "Ceske Budejovice GM-B"]
[Site "Ceske Budejovice"]
[Date "2025.07.06"]
[Round "9"]
[White "Kraus, Tomas"]
[Black "Rakshitta, Ravi"]
[Result "0-1"]
[WhiteElo "2420"]
[BlackElo "2303"]
[PlyCount "84"]
[EventDate "2025.06.28"]
[EventType "tourn"]
[EventRounds "9"]
[EventCountry "CZE"]
[EventCategory "6"]
[SourceTitle "CB28_2025"]
[SourceDate "2025.07.09"]
[SourceVersion "1"]
[SourceVersionDate "2025.07.09"]
[SourceQuality "1"]

1. Nf3 Nf6 2. b3 g6 3. Bb2 Bg7 4. g3 d6 5. d4 c5 6. d5 0-0 7. c4 b5 8. Bg2 bxc4 9. bxc4 Nbd7 10. Nfd2 Rb8 11. Bc3 Ne5 12. 0-0 e6 13. Na3 exd5 14. cxd5 Nfd7 15. Rc1 f5 16. Ndc4 Nxc4 17. Nxc4 Bxc3 18. Rxc3 Ba6 19. Qa4 Bxc4 20. Qxc4 Rb4 21. Qa6 Qb6 22. Ra3 Ra8 23. e3 Qxa6 24. Rxa6 Rb6 25. Ra5 a6 26. e4 fxe4 27. Bxe4 Rb5 28. Ra3 a5 29. f4 Nb6 30. Bf3 Re8 31. Bg4 Re4 32. Be6+ Kg7 33. f5 gxf5 34. Rxf5 Re2 35. Rf2 Rxf2 36. Kxf2 Rb2+ 37. Kf3 Nc4 38. Ra4 Rb4 39. Rxb4 cxb4 40. Ke4 a4 41. Kd4 b3 42. axb3 a3 0-1

[Event "Ceske Budejovice GM-B"]
[Site "Ceske Budejovice"]
[Date "2025.07.01"]
[Round "4"]
[White "Kraus, Tomas"]
[Black "Hrbek, Stepan"]
[Result "0-1"]
[WhiteElo "2420"]
[BlackElo "2420"]
[PlyCount "92"]
[EventDate "2025.06.28"]
[EventType "tourn"]
[EventRounds "9"]
[EventCountry "CZE"]
[EventCategory "6"]
[SourceTitle "CB28_2025"]
[SourceDate "2025.07.09"]
[SourceVersion "1"]
[SourceVersionDate "2025.07.09"]
[SourceQuality "1"]

1. Nf3 d5 2. d4 Nf6 3. e3 e6 4. Be2 c5 5. 0-0 Nc6 6. dxc5 Bxc5 7. a3 a5 8. c4 0-0 9. Nc3 dxc4 10. Bxc4 Qe7 11. Qc2 b6 12. b3 Bb7 13. Bb2 Rad8 14. Ng5 Ne5 15. Be2 Bd6 16. Nce4 Nxe4 17. Nxe4 Rc8 18. Qb1 Bb8 19. Ra2 Bd5 20. Nd2 a4 21. Bxe5 axb3 22. Nxb3 Bxe5 23. e4 Qh4 24. f4 Bxf4 25. Rxf4 Qxf4 26. exd5 Qe3+ 27. Kf1 Rc3 28. Bd1 Rfc8 29. Re2 Qf4+ 30. Kg1 exd5 31. Qb2 g6 32. g3 Qc4 33. Rd2 Rd3 34. Rxd3 Qxd3 35. Qe2 Qe4 36. Qd2 d4 37. Kf2 Rc3 38. Qf4 Qd5 39. Qb8+ Kg7 40. Qxb6 Qf5+ 41. Kg2 Qd3 42. Qd6 Qxd1 43. Qe5+ f6 44. Qe7+ Kh6 45. Qxf6 Rc2+ 46. Kh3 Qh5+ 0-1

[Event "Ceske Budejovice GM-B"]
[Site "Ceske Budejovice"]
[Date "2025.06.30"]
[Round "3"]
[White "Polak, Tomas"]
[Black "Kraus, Tomas"]
[Result "1/2-1/2"]
[WhiteElo "2476"]
[BlackElo "2420"]
[PlyCount "21"]
[EventDate "2025.06.28"]
[EventType "tourn"]
[EventRounds "9"]
[EventCountry "CZE"]
[EventCategory "6"]
[SourceTitle "CB28_2025"]
[SourceDate "2025.07.09"]
[SourceVersion "1"]
[SourceVersionDate "2025.07.09"]
[SourceQuality "1"]

1. d4 d5 2. Nf3 Nf6 3. e3 Bf5 4. c4 c6 5. Nc3 e6 6. Nh4 Bg6 7. Qb3 Qc7 8. Bd2 Nbd7 9. Nxg6 hxg6 10. g3 Be7 11. Rc1 1/2-1/2

[Event "Prague Gambit 2nd"]
[Site "Prague"]
[Date "2025.06.03"]
[Round "6"]
[White "Rosh, Jain"]
[Black "Kraus, Tomas"]
[Result "0-1"]
[WhiteElo "2254"]
[BlackElo "2436"]
[PlyCount "70"]
[EventDate "2025.05.31"]
[EventType "tourn"]
[EventRounds "9"]
[EventCountry "CZE"]
[EventCategory "6"]
[SourceTitle "CB24_2025"]
[SourceDate "2025.06.11"]
[SourceVersion "1"]
[SourceVersionDate "2025.06.11"]
[SourceQuality "1"]

1. e4 c5 2. Nf3 Nc6 3. Bb5 d6 4. 0-0 Bd7 5. Re1 Nf6 6. c3 a6 7. Bf1 Bg4 8. h3 Bxf3 9. Qxf3 g6 10. d3 Bg7 11. Nd2 0-0 12. Qd1 b5 13. f4 b4 14. Nf3 bxc3 15. bxc3 e5 16. g4 exf4 17. Bxf4 Re8 18. Bg2 Rc8 19. Qc2 Nd7 20. Rf1 Nde5 21. Nd2 Qh4 22. Nf3 Nxf3+ 23. Rxf3 Nd4 24. cxd4 Bxd4+ 25. Kh1 Bxa1 26. Qc1 Qf6 27. Bg5 Qh8 28. Qf1 Rc7 29. Bf6 Bxf6 30. Rxf6 Re6 31. g5 h6 32. e5 Rxf6 33. gxf6 dxe5 34. Be4 Rd7 35. Qf3 Rd6 0-1

[Event "Prague Gambit 2nd"]
[Site "Prague"]
[Date "2025.06.02"]
[Round "5"]
[White "Kraus, Tomas"]
[Black "Prokofyev, Valentyn"]
[Result "1/2-1/2"]
[WhiteElo "2436"]
[BlackElo "2403"]
[PlyCount "44"]
[EventDate "2025.05.31"]
[EventType "tourn"]
[EventRounds "9"]
[EventCountry "CZE"]
[EventCategory "6"]
[SourceTitle "CB24_2025"]
[SourceDate "2025.06.11"]
[SourceVersion "1"]
[SourceVersionDate "2025.06.11"]
[SourceQuality "1"]

1. Nf3 d5 2. e3 Nf6 3. c4 e6 4. d4 b6 5. Nc3 Bb7 6. cxd5 exd5 7. Bb5+ Nbd7 8. Ne5 Qc8 9. f4 a6 10. Bd3 Bd6 11. Qf3 b5 12. Bf5 Qd8 13. a4 b4 14. Ne2 g6 15. Bh3 Bxe5 16. fxe5 Ne4 17. Ng3 a5 18. 0-0 Qe7 19. Qd1 0-0 20. Bd2 Nb6 21. Nxe4 dxe4 22. Rc1 Bd5 1/2-1/2

[Event "Legnica Voivoda Cup 39th"]
[Site "Legnica"]
[Date "2025.05.25"]
[Round "8"]
[White "Kejna, Piotr"]
[Black "Kraus, Tomas"]
[Result "1/2-1/2"]
[WhiteElo "2290"]
[BlackElo "2436"]
[PlyCount "61"]
[EventDate "2025.05.20"]
[EventType "tourn"]
[EventRounds "9"]
[EventCountry "POL"]
[EventCategory "6"]
[SourceTitle "CB22_2025"]
[SourceDate "2025.05.28"]
[SourceVersion "1"]
[SourceVersionDate "2025.05.28"]
[SourceQuality "1"]

1. e4 e5 2. Nf3 Nc6 3. Nc3 Nf6 4. d4 exd4 5. Nxd4 Bb4 6. Nxc6 bxc6 7. Bd3 0-0 8. 0-0 d5 9. exd5 cxd5 10. Bg5 c6 11. Qf3 h6 12. Bxf6 Qxf6 13. Qxf6 gxf6 14. Ne2 Rb8 15. Ng3 Re8 16. Nf5 Bxf5 17. Bxf5 Bc5 18. b3 Re2 19. Bd3 Re5 20. g3 Bd4 21. Rad1 Bc3 22. Kg2 Kf8 23. f4 Re3 24. Rf3 Rbe8 25. Rxe3 Rxe3 26. Rf1 Bd4 27. Rd1 Bc3 28. Rf1 Bd4 29. Rd1 Bc3 30. Rf1 Bd4 31. Rd1 1/2-1/2

[Event "Legnica Voivoda Cup 39th"]
[Site "Legnica"]
[Date "2025.05.23"]
[Round "5"]
[White "Vergara Anton, Diego"]
[Black "Kraus, Tomas"]
[Result "1-0"]
[WhiteElo "2442"]
[BlackElo "2436"]
[PlyCount "63"]
[EventDate "2025.05.20"]
[EventType "tourn"]
[EventRounds "9"]
[EventCountry "POL"]
[EventCategory "6"]
[SourceTitle "CB22_2025"]
[SourceDate "2025.05.28"]
[SourceVersion "1"]
[SourceVersionDate "2025.05.28"]
[SourceQuality "1"]

1. Nf3 Nf6 2. d4 d5 3. g3 c5 4. Bg2 cxd4 5. 0-0 h6 6. b3 Bg4 7. Bb2 Bxf3 8. exf3 Nc6 9. f4 e6 10. Bxd4 Nxd4 11. Qxd4 Rc8 12. Qxa7 Rxc2 13. Qxb7 Qa5 14. a4 Nd7 15. f5 Rc7 16. Qb5 Qxb5 17. axb5 Nb6 18. Ra6 Bc5 19. b4 Bd4 20. Nd2 Rb7 21. Nb3 Bf6 22. Nc5 Rb8 23. fxe6 fxe6 24. Nxe6 Kf7 25. Nf4 Rhd8 26. Re1 d4 27. Bf1 Bg5 28. Ra7+ Kg8 29. Ne6 Rd7 30. Rxd7 Nxd7 31. Nxg5 hxg5 32. Re4 1-0

[Event "Legnica Voivoda Cup 39th"]
[Site "Legnica"]
[Date "2025.05.21"]
[Round "2"]
[White "Kraus, Tomas"]
[Black "Licznerski, Lukasz"]
[Result "1/2-1/2"]
[WhiteElo "2436"]
[BlackElo "2424"]
[PlyCount "67"]
[EventDate "2025.05.20"]
[EventType "tourn"]
[EventRounds "9"]
[EventCountry "POL"]
[EventCategory "6"]
[SourceTitle "CB22_2025"]
[SourceDate "2025.05.28"]
[SourceVersion "1"]
[SourceVersionDate "2025.05.28"]
[SourceQuality "1"]

1. d4 Nf6 2. Nf3 e6 3. e3 b6 4. Bd3 Bb7 5. 0-0 Be7 6. c4 0-0 7. Nc3 d5 8. cxd5 exd5 9. b3 c5 10. Bb2 Nbd7 11. Rc1 a6 12. dxc5 bxc5 13. Bf5 Nb6 14. Re1 g6 15. Bh3 Re8 16. Ne5 Bd6 17. f4 Bc8 18. Qf3 Bxh3 19. Qxh3 Bxe5 20. fxe5 Nfd7 21. Ne2 Rc8 22. Nf4 Nxe5 23. Red1 Rc6 24. Qg3 Qe7 25. Nxd5 Nxd5 26. Rxd5 Re6 27. Rxe5 Rxe5 28. Qxe5 Qxe5 29. Bxe5 Rxe5 30. Kf2 Kf8 31. Rc4 Ke7 32. Ra4 Re6 33. Ra5 Rc6 34. Ke2 1/2-1/2

[Event "Bangkok op 22nd"]
[Site "Bangkok"]
[Date "2025.04.21"]
[Round "9"]
[White "Kraus, Tomas"]
[Black "Batashevs, Arsens"]
[Result "1-0"]
[WhiteElo "2439"]
[BlackElo "2159"]
[PlyCount "127"]
[EventDate "2025.04.13"]
[EventType "swiss"]
[EventRounds "9"]
[EventCountry "THA"]
[SourceTitle "CB17_2025"]
[SourceDate "2025.04.23"]
[SourceVersion "1"]
[SourceVersionDate "2025.04.23"]
[SourceQuality "1"]

1. Nf3 d5 2. b3 Bg4 3. Bb2 Nd7 4. g3 e5 5. d3 Bd6 6. Bg2 Ngf6 7. Nbd2 Qe7 8. e4 c6 9. a3 0-0 10. h3 Bh5 11. 0-0 dxe4 12. dxe4 a5 13. Qe1 b5 14. Nh4 Bc5 15. Kh1 Rfe8 16. f4 exf4 17. gxf4 Bg6 18. e5 Nd5 19. Bxd5 cxd5 20. f5 Bh5 21. Qg3 d4 22. f6 Qf8 23. Rae1 Bg6 24. fxg7 Qxg7 25. Nf5 Bxf5 26. Qxg7+ Kxg7 27. Rxf5 Kg6 28. Rf4 Rxe5 29. Rg1+ Rg5 30. Rxg5+ Kxg5 31. Rxf7 Nf6 32. Nf3+ Kg6 33. Ne5+ Kg5 34. Nf3+ Kg6 35. Rc7 Ne4 36. Rc6+ Kf5 37. Nxd4+ Bxd4 38. Bxd4 Rg8 39. Kh2 Kf4 40. Rc7 Kf3 41. Rf7+ Ke2 42. Re7 Kf3 43. Rf7+ Ke2 44. Rxh7 Rc8 45. c3 Nxc3 46. h4 Kd3 47. Bb6 a4 48. bxa4 Nxa4 49. Ba5 Ke4 50. Kh3 Nb2 51. Rh5 Nc4 52. Bb4 Kf4 53. Rxb5 Nxa3 54. Bd6+ Ke4 55. Bxa3 Rc3+ 56. Kg4 Rxa3 57. h5 Ra8 58. h6 Rg8+ 59. Kh5 Kf4 60. h7 Ra8 61. Rg5 Rh8 62. Rg7 Kf5 63. Kh6 Kf6 64. Rg8 1-0

[Event "Bangkok op 22nd"]
[Site "Bangkok"]
[Date "2025.04.17"]
[Round "5"]
[White "Kraus, Tomas"]
[Black "Concio, Michael Jr"]
[Result "1/2-1/2"]
[WhiteElo "2439"]
[BlackElo "2378"]
[PlyCount "96"]
[EventDate "2025.04.13"]
[EventType "swiss"]
[EventRounds "9"]
[EventCountry "THA"]
[SourceTitle "CB17_2025"]
[SourceDate "2025.04.23"]
[SourceVersion "1"]
[SourceVersionDate "2025.04.23"]
[SourceQuality "1"]

1. Nf3 Nf6 2. b3 d6 3. d4 Nbd7 4. Bb2 g6 5. g3 Bg7 6. Bg2 0-0 7. 0-0 e5 8. dxe5 Ng4 9. Qd2 Re8 10. c4 dxe5 11. e4 Nc5 12. h3 Qxd2 13. Nbxd2 Nh6 14. Rad1 f6 15. b4 Na4 16. Ba1 Be6 17. Rc1 Bf8 18. a3 Rad8 19. Nb1 Rd3 20. Ne1 Rb3 21. Nc2 Rd8 22. Rfd1 Rxd1+ 23. Rxd1 Bxc4 24. Nd2 Bd3 25. Nxb3 Bxc2 26. Rc1 Bxb3 27. Rxc7 Nf7 28. Rxb7 Nd6 29. Rxa7 Nb5 30. Rd7 Bc4 31. f4 Nxa3 32. fxe5 Nc2 33. Rd1 Nxa1 34. Rxa1 Nb6 35. exf6 Kf7 36. Ra7+ Kxf6 37. Rxh7 Bxb4 38. Rc7 Be6 39. Rc6 Nd7 40. Kh2 Ne5 41. Rb6 Bc3 42. Rb5 Bd4 43. Rb4 Bc3 44. Rb6 Nc4 45. Rc6 Be5 46. Bf3 Ke7 47. Ra6 Bd4 48. Bg2 Ne5 1/2-1/2

[Event "Bundesliga 2425"]
[Site "Germany"]
[Date "2025.02.22"]
[Round "9.7"]
[White "Kraus, Tomas"]
[Black "Moehn, Hans"]
[Result "1/2-1/2"]
[WhiteElo "2461"]
[BlackElo "2386"]
[PlyCount "40"]
[EventDate "2024.09.28"]
[EventType "team-tourn"]
[EventRounds "15"]
[EventCountry "GER"]
[SourceTitle "CB09_2025"]
[SourceDate "2025.02.27"]
[SourceVersion "1"]
[SourceVersionDate "2025.02.27"]
[SourceQuality "1"]
[WhiteTeam "Heimbach Weis Neuwied"]
[BlackTeam "Dresden TU"]
[WhiteTeamCountry "GER"]
[BlackTeamCountry "GER"]

1. d4 Nf6 2. Nf3 g6 3. b3 Bg7 4. Bb2 0-0 5. e3 b6 6. Be2 Bb7 7. 0-0 c5 8. dxc5 bxc5 9. c4 d6 10. Nc3 Ne4 11. Qc2 Nxc3 12. Bxc3 Bxc3 13. Qxc3 Nd7 14. Nd2 Qb6 15. Bf3 a5 16. Bxb7 Qxb7 17. a4 Qb4 18. Qc2 Rab8 19. Rab1 Nf6 20. Rb2 Rfc8 1/2-1/2

[Event "Budapest One Week GM-B 12"]
[Site "Budapest"]
[Date "2024.12.20"]
[Round "9"]
[White "Popovic, Dusan"]
[Black "Kraus, Tomas"]
[Result "1/2-1/2"]
[WhiteElo "2485"]
[BlackElo "2447"]
[PlyCount "22"]
[EventDate "2024.12.16"]
[EventType "tourn"]
[EventRounds "9"]
[EventCountry "HUN"]
[EventCategory "6"]
[SourceTitle "CB52_2024"]
[SourceDate "2024.12.25"]
[SourceVersion "1"]
[SourceVersionDate "2024.12.25"]
[SourceQuality "1"]

1. e4 c5 2. Nf3 d6 3. d4 cxd4 4. Nxd4 Nf6 5. Nc3 a6 6. f3 e5 7. Nb3 Be6 8. Be3 Be7 9. Qd2 0-0 10. 0-0-0 Nbd7 11. g4 b5 1/2-1/2

[Event "Budapest One Week GM-B 12"]
[Site "Budapest"]
[Date "2024.12.19"]
[Round "8"]
[White "Kraus, Tomas"]
[Black "Liu, Zexu"]
[Result "1/2-1/2"]
[WhiteElo "2447"]
[BlackElo "2350"]
[PlyCount "38"]
[EventDate "2024.12.16"]
[EventType "tourn"]
[EventRounds "9"]
[EventCountry "HUN"]
[EventCategory "6"]
[SourceTitle "CB52_2024"]
[SourceDate "2024.12.25"]
[SourceVersion "1"]
[SourceVersionDate "2024.12.25"]
[SourceQuality "1"]

1. d4 Nf6 2. c4 g6 3. Nc3 d5 4. cxd5 Nxd5 5. Bd2 Nb6 6. Bf4 Bg7 7. e3 0-0 8. Nf3 c5 9. dxc5 Bxc3+ 10. bxc3 Qxd1+ 11. Rxd1 Na4 12. Bh6 Nc6 13. Bxf8 Kxf8 14. Bc4 Nb2 15. Bd5 Nxd1 16. Kxd1 Bd7 17. Kc2 Na5 18. Rb1 Ba4+ 19. Bb3 Bc6 1/2-1/2

[Event "Budapest SixDays 11 GM"]
[Site "Budapest"]
[Date "2024.11.25"]
[Round "5"]
[White "Kraus, Tomas"]
[Black "Lim, Zhuo Ren"]
[Result "1/2-1/2"]
[WhiteElo "2457"]
[BlackElo "2306"]
[PlyCount "33"]
[EventDate "2024.11.22"]
[EventType "tourn"]
[EventRounds "9"]
[EventCountry "HUN"]
[EventCategory "6"]
[SourceTitle "CB49_2024"]
[SourceDate "2024.12.04"]
[SourceVersion "1"]
[SourceVersionDate "2024.12.04"]
[SourceQuality "1"]

1. c4 e6 2. Nc3 Nf6 3. Nf3 d5 4. cxd5 exd5 5. d4 Bb4 6. Qa4+ Nc6 7. Bg5 h6 8. Bxf6 Qxf6 9. e3 0-0 10. Be2 Be6 11. Rc1 a6 12. 0-0 Bd6 13. a3 Ne7 14. b4 g5 15. e4 dxe4 16. Nxe4 Qg7 17. Rfd1 1/2-1/2

[Event "EU-Cup 39th"]
[Site "Vrnjacka Banja"]
[Date "2024.10.26"]
[Round "7.4"]
[White "Kraus, Tomas"]
[Black "Vogt, Andreas"]
[Result "1-0"]
[WhiteElo "2461"]
[BlackElo "2280"]
[PlyCount "63"]
[EventDate "2024.10.20"]
[EventType "team-swiss"]
[EventRounds "7"]
[EventCountry "SRB"]
[SourceTitle "CB44_2024"]
[Source "Chessbase"]
[SourceDate "2024.10.30"]
[SourceVersion "1"]
[SourceVersionDate "2024.10.30"]
[SourceQuality "1"]
[WhiteTeam "Modra Javes"]
[BlackTeam "Leiden LSG"]
[WhiteTeamCountry "SVK"]
[BlackTeamCountry "NED"]

1. c4 e6 2. Nf3 d5 3. e3 c5 4. cxd5 exd5 5. d4 Nf6 6. Bb5+ Bd7 7. Bxd7+ Qxd7 8. Ne5 Qe6 9. Qb3 Qa6 10. Nc3 c4 11. Qc2 Nc6 12. 0-0 Bd6 13. f4 Bb4 14. Ne2 Ne4 15. b3 Nxe5 16. fxe5 Rc8 17. Nf4 Qc6 18. bxc4 Qxc4 19. Qxc4 dxc4 20. Rb1 a5 21. Nd5 0-0 22. Rf4 f5 23. exf6 Nxf6 24. Nxf6+ Rxf6 25. Rxf6 gxf6 26. a3 Bf8 27. Rxb7 c3 28. Kf2 Rc4 29. Ke2 c2 30. Rb3 a4 31. Kd3 axb3 32. Kxc4 1-0

[Event "EU-Cup 39th"]
[Site "Vrnjacka Banja"]
[Date "2024.10.25"]
[Round "6.4"]
[White "Rosner, Jonas"]
[Black "Kraus, Tomas"]
[Result "1/2-1/2"]
[WhiteElo "2434"]
[BlackElo "2461"]
[PlyCount "70"]
[EventDate "2024.10.20"]
[EventType "team-swiss"]
[EventRounds "7"]
[EventCountry "SRB"]
[SourceTitle "CB44_2024"]
[Source "Chessbase"]
[SourceDate "2024.10.30"]
[SourceVersion "1"]
[SourceVersionDate "2024.10.30"]
[SourceQuality "1"]
[WhiteTeam "Riehen"]
[BlackTeam "Modra Javes"]
[WhiteTeamCountry "SUI"]
[BlackTeamCountry "SVK"]

1. d4 d5 2. c4 e6 3. Nf3 Nd7 4. Nbd2 Ngf6 5. g3 b6 6. Bg2 Bb7 7. 0-0 Be7 8. b3 0-0 9. Bb2 c5 10. Rc1 Rc8 11. e3 dxc4 12. Nxc4 b5 13. Nce5 Nxe5 14. Nxe5 Qb6 15. dxc5 Bxc5 16. Bxb7 Qxb7 17. Qf3 Qxf3 18. Nxf3 Nd5 19. Ne5 Rfd8 20. Rfd1 f6 21. e4 Ne3 22. Rxd8+ Rxd8 23. Nf3 e5 24. Ne1 Bb6 25. fxe3 Bxe3+ 26. Kf1 Bxc1 27. Bxc1 Rd1 28. Be3 a6 29. b4 Ra1 30. Bd2 Rxa2 31. Ke2 a5 32. bxa5 b4 33. Kd3 Ra3+ 34. Kc4 Rxa5 35. Kxb4 Ra2 1/2-1/2